Estudio singular de las razones financieras / (Registro nro. 63262)

Detalles MARC
000 -LEADER
campo de control de longitud fija 02084cam a2200361 i 4500
003 - IDENTIFICADOR DE NÚMERO DE CONTROL
campo de control PE-LiUPU
005 - FECHA Y HORA DE LA ÚLTIMA TRANSACCIÓN
campo de control 20260212154724.0
008 - DATOS DE LONGITUD FIJA--INFORMACIÓN GENERAL
campo de control de longitud fija 2505 s2025 pe a b 000 0 spa d
020 ## - NÚMERO INTERNACIONAL ESTÁNDAR DEL LIBRO
Número Internacional Estándar del Libro 9788409728381
035 ## - NÚMERO DE CONTROL DEL SISTEMA
Número de control de sistema PE-LiUPU00087
040 ## - FUENTE DE CATALOGACIÓN
Centro catalogador/agencia de origen PE-LiUPU
Lengua de catalogación spa
Centro/agencia transcriptor PE-LiUPU
Normas de descripción rda
082 04 - NÚMERO DE LA CLASIFICACIÓN DECIMAL DEWEY
Número de clasificación 658.15
Cutter V712e
Número de edición 23
090 ## - LOCALMENTE ASIGNADO TIPO-LC NÚMERO DE CLASIFICACIÓN (OCLC); NÚMERO DE CLASIFICACIÓN LOCAL (RLIN)
Número de clasificación (OCLC) (R) ; Numero de clasificación, CALL (RLIN) (NR) 658.15
Número cutter local (OCLC) ; Número de libro/Signatura topográfica íntegra, CALL (RLIN) V712e
100 1# - ENTRADA PRINCIPAL--NOMBRE DE PERSONA
Nombre de persona Villajuana, Carlos,
Término indicativo de función/relación autor.
9 (RLIN) 8014
245 10 - MENCIÓN DEL TÍTULO
Título Estudio singular de las razones financieras /
Mención de responsabilidad, etc. Carlos Villajuana.
250 ## - MENCION DE EDICION
Mención de edición Primera edición.
264 #1 - PRODUCCIÓN, PUBLICACIÓN, DISTRIBUCIÓN, FABRICACIÓN Y COPYRIGHT
Producción, publicación, distribución, fabricación y copyright Lima :
Nombre del de productor, editor, distribuidor, fabricante Villajuana Consultores S.A.C. ;
Producción, publicación, distribución, fabricación y copyright Madrid :
Nombre del de productor, editor, distribuidor, fabricante ITAE Business School, Fondo Editorial ITAE,
Fecha de producción, publicación, distribución, fabricación o copyright 2025.
300 ## - DESCRIPCIÓN FÍSICA
Extensión 198 páginas :
Otras características físicas ilustraciones ;
Dimensiones 24 cm.
336 ## - TIPO DE CONTENIDO
Término de tipo de contenido text
Fuente rdacontent
337 ## - TIPO DE MEDIO
Nombre/término del tipo de medio unmediated
Fuente rdamedia
338 ## - TIPO DE SOPORTE
Nombre/término del tipo de soporte volume
Fuente rdacarrier
500 ## - NOTA GENERAL
Nota general Incluye glosario y bibliografía.
505 ## - NOTA DE CONTENIDO CON FORMATO
Nota de contenido con formato Estudio y decisiones sobre la liquidez -- Estudio y decisiones sobre solvencia -- Estudio y decisiones sobre las razones financieras de gestión --Estudio y decisiones sobre el flujo monetario -- Estudio y decisiones sobre los indicadores de rentabilidad -- Estudio y decisiones sobre los indicadores de rentabilidad -- Estudio y decisiones desde una perspectiva global.
520 ## - RESUMEN, ETC.
Sumario, etc. Obra especializada en análisis financiero que desarrolla el estudio e interpretación de las principales razones financieras: liquidez, solvencia, gestión, flujo monetario y rentabilidad. Presenta criterios para la toma de decisiones empresariales desde una perspectiva integral, incluyendo análisis de apalancamiento, ciclo de caja, indicadores de rentabilidad y evaluación global de ratios financieros.
650 14 - PUNTO DE ACCESO ADICIONAL DE MATERIA--TÉRMINO DE MATERIA
Término de materia o nombre geográfico como elemento de entrada Análisis financiero.
650 24 - PUNTO DE ACCESO ADICIONAL DE MATERIA--TÉRMINO DE MATERIA
Término de materia o nombre geográfico como elemento de entrada Razones financieras.
650 24 - PUNTO DE ACCESO ADICIONAL DE MATERIA--TÉRMINO DE MATERIA
Término de materia o nombre geográfico como elemento de entrada Estados financieros.
9 (RLIN) 1111
650 24 - PUNTO DE ACCESO ADICIONAL DE MATERIA--TÉRMINO DE MATERIA
Término de materia o nombre geográfico como elemento de entrada Gestión financiera.
9 (RLIN) 4729
710 ## - ENTRADA AGREGADA--NOMBRE DE ENTIDAD CORPORATIVA
Nombre de entidad corporativa o nombre de jurisdicción como elemento de entrada Villajuana Consultores S.A.C.,
Término indicativo de función/relación editor.
9 (RLIN) 8015
710 ## - ENTRADA AGREGADA--NOMBRE DE ENTIDAD CORPORATIVA
Nombre de entidad corporativa o nombre de jurisdicción como elemento de entrada ITAE Business School.
Término indicativo de función/relación Fondo Editorial ITAE, editor.
Unidad subordinada Fondo Editorial ITAE,
9 (RLIN) 8016
942 ## - ELEMENTOS DE ENTRADA SECUNDARIOS (KOHA)
Fuente del sistema de clasificación o colocación Clasificación Decimal Dewey
Tipo de ítem Koha Libros físicos
980 ## - EQUIVALENCIA O REFERENCIA-CRUZADA-MENCIÓN DE SERIE--NOMBRE DE PERSONA/TÍTULO [LOCAL, CANADÁ]
ID del usuario creador del registro 18228
Nombre del creador del registro Rebeca Esther Huerta Leyton
ID del último usuario que modificó el registro 18226
Nombre del último usuario que modificó el registro Jaime Vilcazán Jefe de Análisis Documental
Existencias
Visto por última vez Total de préstamos Signatura topográfica completa Código de barras Copia número Coste, precio de reemplazo Fecha de reemplazo Facultad Tipo de ítem Koha Estado de pérdida Fuente del sistema de clasificación o colocación Restricciones de uso No para préstamo Colección Programa académico Biblioteca de origen Biblioteca actual Ubicación en estantería Fecha de adquisición Fuente de adquisición Coste, precio normal de compra
2026-03-15   658.15 V712e 83039 e1 23.00 2026-02-12 FCE Libros físicos No Perdido Clasificación Decimal Dewey No restringido Disponible para préstamos Colección General Administración con mención en Gestión Empresarial Biblioteca CRAI UPeU Lima Biblioteca CRAI UPeU Lima Sala principal 2025-12-10 Donación, David Echevarría 18.00
2026-03-15   658.15 V712e 83040 e2 23.00 2026-02-12 FCE Libros físicos No Perdido Clasificación Decimal Dewey No restringido Disponible para préstamos Colección General Administración con mención en Gestión Empresarial Biblioteca CRAI UPeU Lima Biblioteca CRAI UPeU Lima Sala principal 2025-12-10 Donación, David Echevarría 18.00